| 000 | 00493nam a22001937a 4500 | ||
|---|---|---|---|
| 003 | MPLRDC | ||
| 005 | 20220104142940.0 | ||
| 008 | 210129b ||||| |||| 00| 0 eng d | ||
| 020 | _a7-80514-280-7 | ||
| 082 | _a520.38 MLS | ||
| 100 | _a林恩. L. 莫里斯等著; 汪坚等译 | ||
| 245 |
_a如何写评价报告 _c |
||
| 250 | _a一版一刷 | ||
| 260 |
_a _b上海翻译公司 _c1988 |
||
| 300 | _b平 | ||
| 490 | _a教育方案评价丛书 | ||
| 650 | _a | ||
| 942 |
_cBK _o520.38 MLS |
||
| 999 |
_c35187 _d35177 |
||